LA MUJER EN LA INTERVENCION FRANCESA
-д хадгалсан:
| Үндсэн зохиолч: | |
|---|---|
| Формат: | Ном |
| Хэвлэсэн: |
México :
Publicaciones Especiales del Primer Congreso Nacional de Historia para el Estudio de la Guerra de Intervención,
1962, c1962
|
| Цуврал: | (Colección del Congreso Nacional de Historia para el Estudio de la Guerra de Intervención ;
11) |
| Нөхцлүүд: | |
| Шошгууд: |
Шошго байхгүй, Энэхүү баримтыг шошголох эхний хүн болох!
|
MARC
| LEADER | 00000nam^a2200000^a^4500 | ||
|---|---|---|---|
| 001 | 000211225 | ||
| 005 | 20250521000000.0 | ||
| 009 | 20260310103417.781 | ||
| 035 | |a 026448 | ||
| 037 | |a Acervo Xavier Clavigero | ||
| 082 | |a 933. 3 |b ZEN | ||
| 100 | |a Zendejas, Adelina |e (autor) | ||
| 245 | 1 | 3 | |a LA MUJER EN LA INTERVENCION FRANCESA |
| 264 | 4 | |a México : |b Publicaciones Especiales del Primer Congreso Nacional de Historia para el Estudio de la Guerra de Intervención, |c 1962, c1962 | |
| 300 | |a 108 p. | ||
| 336 | |a texto |b txt |2 rdacontenido | ||
| 337 | |a sin mediación |b n |2 rdamedio | ||
| 338 | |a volumen |b nc |2 rdasoporte | ||
| 440 | 1 | |a (Colección del Congreso Nacional de Historia para el Estudio de la Guerra de Intervención ; |v 11) | |
| 649 | |a XX | ||
| 650 | |a Mujeres Mexicanas - |x Biografías | ||
| 650 | |a México - |x Historia - |y Constitución y Reforma, 1855-1863 | ||
| 650 | |a México - |x Historia - |y Intervención y Segundo Imperio, 1861-1867 | ||
| 650 | |a México - |x Historia - |y Siglo XIX | ||
| 910 | |a Fondo General | ||
| 920 | |a Impresos - Libros | ||
| 930 | |a Colección General | ||
| 905 | |a 101 | ||
| 901 | |a 026448 |b IT1 |c ACC |i 026448 |u 20250521 | ||
| 902 | |a https://opac.biblio.iteso.mx/vufind/Record/000211225 | ||